01455nam a2200241Ia 4500001000600000003000900006008004100015040001300056040001300069041001300082100001400095100002900109245006900138245006900207250001100276260001000287260001700297260004900314300005700363500073700420650002501157650003101182B6886IT-RoPAU130308s9999 xx 000 0 und d aIT-RoPAU cIT-RoPAU aFRANCESE aRey Alain gCodice Aut. SPICS: 2100 aLexique (Le): images et modeles du dictionnaire a la lexicologie bLexique (Le): Images et Modeles Du Dictionnaire a la Lexicologie a1a ed. aPARIS bColin Armand c1977 [1° Ed.:1977 - Ed.Ling.Originale:1977] a"310 p. (prefazione: no ; testo: 310 [pagine: 0-0])" aLessico: immagine e Modelli dal Dizionario Alla Lessicologia. Attività Lessicografica e Suoi Prodotti. Dizionari di Lingua: Caratteri della Semantica Lessicografica. tipologie dei Dizionari: Concetto di Dizionario e Sua Analisi Tassonomica. testo del Dizionario. Lessicografia Attuale del Francese:Teoria e Descrizione, Modelli di Utilizzazione, Dizionari Generali della Lingua Francese. Modelli e Scienze del Lessico. Stati Concreti della Lessicologia. Semantica Lessicale: un Modello Pedagogico del Lessico. Limiti del Lessico. lessicologia Descrittiva: Esercizi. lessicologia Diacronica: Preliminari Allo Studio di un testo Letterario. Monografie Lessicologiche. Descrizione di un insieme Morfosemantico. Note Bibliografiche. aSAGGI DI LINGUISTICA eCodice materia Spics: 3207